| 000 | 00412nam a2200169 4500 | ||
|---|---|---|---|
| 020 | _a9788171307555 | ||
| 082 |
_aM08 _bMUH/Y |
||
| 100 | _aMuhammad Basheer Vaikom | ||
| 245 |
_aYa ilahi/ _cby Muhammed Basheer Vaikom |
||
| 250 | _a14 | ||
| 260 |
_aKottayam; _bD C Books, _c2025. |
||
| 300 | _a188p. | ||
| 650 | _aLiterature Basheer | ||
| 650 | _aLiterature Malayalam | ||
| 650 | _aLiterature | ||
| 942 | _cBK | ||
| 999 |
_c181548 _d181548 |
||